000 01202nam a22003737a 4500
003 CHAP
005 20240522083728.0
008 041015d2003 it rn 00110 Eng d
010 _a88934
011 _a89906
020 _a9252050442
035 _a100458
040 _cCHAP
082 0 4 _a338.19
_bF37f
110 2 _aFAO
245 1 0 _aExamen des politiques relatives aux produits alimentaires de base
_c/par FAO
260 _aRome :
_bFAO,
_c2003.
300 _a88 p. :
_bgráfs.; cuadros.
500 _aContiene : 1 disco compacto 4 3/4 plgs.
500 _aEl contenido del CD esta en English, Francais y Español.
590 _aBATCH-UPD
_b10
_c20130110
590 _aBATCH-UPD
_b10
_c20130410
590 _aBATCH-UPD
_b10
_c20130914
590 _aCONVERSION
_b10
_c20130109
650 1 4 _aAlimentos
_xMercadeo.
_94245
650 1 4 _aPolítica alimentaria.
_990389
650 1 4 _aPolítica cerealera.
_990456
650 1 4 _aProductos agrícolas
_xMercadeo.
_991951
901 _aBK
905 _aElisama A. H.
942 _cCD
_2ddc
949 _a338.19 F37f 2002
_bBC
_cCD
_d33724002026248
_eFAO1
_fCD
_i100458
_sb
949 _a338.19 F37f 2002
_bBC
_cFAO
_d33724000871521
_eFAO1
_h104688
_i100458
_sb
999 _c88934
_d88934